| 000 | 01674nam a2200457 i 4500 | ||
|---|---|---|---|
| 001 | 28243 | ||
| 003 | KOSZ 005 | ||
| 005 | 20221028083707.0 | ||
| 008 | 981103s1985 pl a |000 0 pol | ||
| 015 | _aUWD 1986/5876 | ||
| 035 | _a991007723089705066 | ||
| 035 | _a(PL-WaBN)b12001168-48omnis_nlop | ||
| 035 | _ab12001168 | ||
| 035 | _a(OCoLC)749616556 | ||
| 035 | _a(PL)b0000001200116 | ||
| 035 | _a(EXLNZ-48OMNIS_NETWORK)9910388140505606 | ||
| 040 |
_aWA N _cWA N _dKR U _dKOSZ 005/HR |
||
| 041 | 0 |
_apol _beng _brus |
|
| 046 | _k1985 | ||
| 080 | _a621.92 | ||
| 100 | 1 |
_aWoźniak, Kazimierz _c(inżynieria materiałowa) _eAutor |
|
| 245 | 1 | 0 |
_aNowe materiały ścierne / _cKazimierz Woźniak. |
| 260 |
_aKoszalin : _bWydawnictwo Uczelniane WSI, _c1985. |
||
| 300 |
_a130 s. : _bfot., rys., wykr. ; _c24 cm. |
||
| 336 |
_aTekst _btxt _2rdacontent |
||
| 337 |
_aBez urządzenia pośredniczącego _bn _2rdamedia |
||
| 338 |
_aWolumin _bnc _2rdacarrier |
||
| 380 | _aKsiążki | ||
| 388 | _a1901-2000 | ||
| 388 | _a1945-1989 | ||
| 490 | 1 |
_aMonografie / Wyższa Szkoła Inżynierska w Koszalinie, _x0239-7129 |
|
| 500 | _aU dołu s. tyt. : Monografia... . - Na książce brak nr serii. | ||
| 504 | _aBibliogr. s. 119-127. - Rez., sum. | ||
| 650 | 7 |
_aMateriały ścierne _2DBN |
|
| 658 | _aInżynieria i technika | ||
| 710 | 2 |
_aWydawnictwo Uczelniane (Wyższa Szkoła Inżynierska ; Koszalin) _4pbl |
|
| 830 | 0 | _aMonografie - Wyższa Szkoła Inżynierska, Koszalin | |
| 856 |
_uhttp://koha.tu.koszalin.pl/cgi-bin/koha/opac-detail.pl?biblionumber=28243 _yKatalog online BPK |
||
| 942 |
_2UKD _cKS |
||
| 999 |
_c28243 _d28243 |
||